Mass Effect Classes - Statistics

General Stats
  • This quiz has been taken 408 times
  • The average score is 5 of 6
Answer Stats
Hint Answer % Correct
Combat Soldier
96%
Biotic/Combat Vanguard
90%
Tech Engineer
88%
Biotic Adept
82%
Combat/Tech Infiltrator
77%
Tech/Biotics Sentinel
76%
No matching quizzes found
Score Distribution
Percent of People with Each Score
Percentile by Number Answered
Your Score History
You have not taken this quiz